| 000 | 00758cam a2200241 a 4500 | ||
|---|---|---|---|
| 001 | 581 | ||
| 003 | BD-RjUL | ||
| 005 | 20211208233213.0 | ||
| 008 | 090730s1965 enk 001 0 eng d | ||
| 035 |
_a(OCoLC)ocm13339076 _a(BD-RjUL)599 |
||
| 040 |
_aGZD _cGZD _dGZM _dDLC _dBD-RjUL _beng |
||
| 041 | _aeng | ||
| 082 |
_a021.8942 _bHES 1965 _223 |
||
| 100 | 1 |
_aHewitt, Arthur R. _91477 |
|
| 245 | 1 | 2 |
_aA summary of public library law : _bEngland & Wales, Scotland, and Northern Ireland / _cby A.R. Hewitt. |
| 250 | _a4th ed. | ||
| 260 |
_aLondon : _bAssociation of Assistant Librarians, _c1965. |
||
| 300 |
_a72 p. ; _c22 cm. |
||
| 504 | _aIncludes index. | ||
| 650 | 0 |
_aLibrary legislation _zGreat Britain. _91478 |
|
| 942 |
_2ddc _cBK |
||
| 999 |
_c581 _d581 |
||